Air quality control : formation and sources, dispersion, characteristics and impact of air pollutants--measuring methods, techniques for reduction of emissions and regulations for air quality control /
Guardado en:
| Autor Principal: | |
|---|---|
| Formato: | Libro |
| Idioma: | English German |
| Publicado: |
Berlin :
Springer,
c1996.
|
| Series: | Environmental engineering (Berlin, Germany)
|
| Materias: | |
| Etiquetas: |
Agregar Etiqueta
Sin Etiquetas, Sea el primero en etiquetar este registro!
|
| LEADER | 01166cam a22002775a 4500 | ||
|---|---|---|---|
| 001 | EIQ.libpla003353 | ||
| 008 | 960724s1996####gw#abo###b####001#0#eng#d | ||
| 005 | 20071205191123.0 | ||
| 245 | 1 | 0 | |a Air quality control : |b formation and sources, dispersion, characteristics and impact of air pollutants--measuring methods, techniques for reduction of emissions and regulations for air quality control / |c Günter Baumbach ; with the assistence [sic] of K. Baumann ... [et al.]. |
| 260 | |a Berlin : |b Springer, |c c1996. | ||
| 300 | |a xiv, 490 p. : |b il., maps, fotos ; |c 24 cm. | ||
| 490 | 1 | |a Environmental engineering | |
| 500 | |a Título original: Luftreinhaltung. | ||
| 504 | |a Incluye referencias bibliográficas e índice. | ||
| 020 | |a 3540579923 (Berlin : hardcover : acid-free paper) | ||
| 100 | 1 | |a Baumbach, Günter. | |
| 830 | 0 | |a Environmental engineering (Berlin, Germany) | |
| 082 | 0 | 0 | |a 628.5/3 |2 20 |
| 650 | 4 | |a Aire |x Contaminación. | |
| 650 | 4 | |a Aire |x Polución. | |
| 650 | 0 | |a Air |x Pollution. | |
| 650 | 4 | |a Air |x Contamination. | |
| 010 | |a 96027515 | ||
| 040 | |a DLC |c DLC |d AR-BbSID | ||
| 041 | 1 | |a eng |h ger | |
| 859 | |a AR-BbSID |b BIB. PLAPIQUI |h 614.71 |i B 323 |p 4879 | ||
